[Event "Mauricie op"]
[Site "Trois Rivieres"]
[Date "2008.03.28"]
[Round "1"]
[White "Hamel, Emmanuel"]
[Black "Poitras, Luc"]
[Result "0-1"]
[WhiteElo "1921"]
[BlackElo "2120"]
[PlyCount "66"]
[EventDate "2008.03.28"]
[EventType "swiss"]
[EventRounds "5"]
[EventCountry "CAN"]
[SourceTitle "EXT 2011"]
[Source "ChessBase"]
[SourceDate "2010.11.26"]
[SourceVersion "1"]
[SourceVersionDate "2010.11.26"]
[SourceQuality "1"]

1. e4 c5 2. Nf3 Nc6 3. d4 cxd4 4. Nxd4 e5 5. Nb5 d6 6. c4 Be7 7. N1c3 a6 8. Na3 f5 9. exf5 Bxf5 10. Bd3 Bxd3 11. Qxd3 Nf6 12. Nc2 0-0 13. 0-0 Qe8 14. Bg5 Rd8 15. Rad1 Kh8 16. Bxf6 Bxf6 17. Ne4 Be7 18. Qd5 Rf4 19. Rfe1 Qg6 20. Rd3 Rdf8 21. Re2 h5 22. Rb3 Qg4 23. Re1 Nd8 24. Nb4 a5 25. Nd3 R4f7 26. Rb5 h4 27. h3 Qg6 28. Rxa5 Ne6 29. Ra3 Nd4 30. Rf1 Nc2 31. Rb3 Ne3 32. fxe3 Rxf1+ 33. Kh2 Ra1 0-1